[Event "Pohár města Říčany 2018"]
[Site "Městské kulturní středisko U labutě"]
[Date "2019.08.31"]
[Round "9.25"]
[White "Hadrava, Jaroslav"]
[Black "Ocelak, Jakub"]
[Result "1-0"]
[WhiteElo "1937"]
[BlackElo "1781"]
[PlyCount "0"]
[EventDate "2019.08.24"]

1. e4 c5 2. Nf3 d6 3. d4 cxd4 4. Nxd4 Nf6 5. Nc3 g6 6. f4 Bg7 7. e5 dxe5
8. fxe5 Nd5 9. Bb5+ Kf8 10. O-O Nc6 11. Qf3 f5 12. exf6 Nxf6 13. Nxc6 bxc6
14. Bxc6 Rb8 15. Bd5 Ke8 16. Be3 Bd7 17. Rae1 1-0

[Event "Pohár města Říčany 2018"]
[Site "Městské kulturní středisko U labutě"]
[Date "2019.08.31"]
[Round "9.26"]
[White "Kovar, Jan"]
[Black "Horyna, Josef"]
[Result "1/2-1/2"]
[WhiteElo "1885"]
[BlackElo "1763"]
[PlyCount "0"]
[EventDate "2019.08.24"]

1. e4 c6 2. d4 d5 3. exd5 cxd5 4. Bd3 Nf6 5. c3 Nc6 6. Bf4 g6 7. Nd2 Bg7
8. Ngf3 O-O 9. O-O Bg4 10. h3 Bxf3 11. Nxf3 Qb6 12. Qe2 e6 13. Rab1 Rac8
14. Rfe1 a6 15. Qd2 Rfe8 16. Bh6 Bh8 17. Bf4 Bg7 18. Bc2 Nh5 19. Bh2 Nf6 20. Bf4
Qa5 21. a3 Nh5 22. Bd6 Qd8 23. Bh2 Nf6 24. Re2 Qa5 25. Kh1 Qb6 26. g4 Qa5
27. Bf4 Qd8 28. Bg5 Qc7 29. Rbe1 b5 30. Bf4 Qd8 31. Bg5 Qc7 32. Bf4 Qd8 33. Bg5
Qc7 34. Bf4 1/2-1/2

[Event "Pohár města Říčany 2018"]
[Site "Městské kulturní středisko U labutě"]
[Date "2019.08.31"]
[Round "9.27"]
[White "Salac, Jiri"]
[Black "Vit, Zdenek"]
[Result "1-0"]
[WhiteElo "1881"]
[BlackElo "1747"]
[PlyCount "0"]
[EventDate "2019.08.24"]

1. d4 Nf6 2. g3 d5 3. Bg2 c6 4. b3 Bf5 5. Nf3 Qc8 6. h3 Be4 7. Nbd2 e6 8. O-O
Bd6 9. Bb2 O-O 10. c4 Nbd7 11. Rc1 Qb8 12. Ne1 Bxg2 13. Kxg2 b5 14. Qc2 Qb7
15. Nef3 Rab8 16. c5 Be7 17. Rce1 h6 18. Ne5 Nxe5 19. dxe5 Nd7 20. Bd4 a5 21. f4
f5 22. exf6 Bxf6 23. Nf3 Rbe8 24. e4 e5 25. fxe5 Nxe5 26. Bxe5 Bxe5 27. exd5
cxd5 28. Rxe5 1-0

[Event "Pohár města Říčany 2018"]
[Site "Městské kulturní středisko U labutě"]
[Date "2019.08.31"]
[Round "9.28"]
[White "Konvalinka, Vladislav"]
[Black "Dome, Michal"]
[Result "1/2-1/2"]
[WhiteElo "1657"]
[BlackElo "1799"]
[PlyCount "0"]
[EventDate "2019.08.24"]

1. d4 d5 2. c4 c6 3. cxd5 cxd5 4. Bf4 Nf6 5. Nc3 Nc6 6. e3 a6 7. Rc1 Bg4 8. Qb3
Na5 9. Qa4+ b5 10. Qc2 Rc8 11. h3 Bd7 12. Qd1 e6 13. Bd3 Qb6 14. Nf3 Be7 15. O-O
O-O 16. Ne5 Nc4 17. Qe2 Nd6 18. Bg5 Be8 19. f3 b4 20. Nb1 Bb5 21. Nd2 Rfd8
22. Ng4 Nde8 23. Nb3 Bxd3 24. Qxd3 a5 25. Rc2 a4 26. Nd2 Qb7 27. Nxf6+ Nxf6
28. Rfc1 h6 29. Bf4 Rxc2 30. Qxc2 Qa6 1/2-1/2

[Event "Pohár města Říčany 2018"]
[Site "Městské kulturní středisko U labutě"]
[Date "2019.08.31"]
[Round "9.29"]
[White "Paulovic, Milan"]
[Black "Stork, Rostislav"]
[Result "1/2-1/2"]
[WhiteElo "1788"]
[BlackElo "1724"]
[PlyCount "0"]
[EventDate "2019.08.24"]

1. e4 e5 2. Bc4 Nf6 3. d3 Be7 4. Nc3 O-O 5. Nf3 Nc6 6. h3 d6 7. a4 Be6 8. Nd5
Bxd5 9. exd5 Nb4 10. c3 Nbxd5 11. g3 Nb6 12. Bb3 a5 1/2-1/2

[Event "Pohár města Říčany 2018"]
[Site "Městské kulturní středisko U labutě"]
[Date "2019.08.31"]
[Round "9.30"]
[White "Jirousek, Tadeas"]
[Black "Feierfeil, Jiri"]
[Result "1-0"]
[WhiteElo "1856"]
[BlackElo "1671"]
[PlyCount "0"]
[EventDate "2019.08.24"]

1. e4 c5 2. Nf3 d6 3. d4 cxd4 4. Nxd4 Nf6 5. Nc3 a6 6. Bg5 e6 7. f4 Nbd7 8. Qe2
Qc7 9. O-O-O Be7 10. g4 b5 11. a3 O-O 12. Bg2 Rb8 13. e5 dxe5 14. Nc6 Bxa3
15. bxa3 b4 16. axb4 Rb6 17. b5 axb5 18. Nxb5 Ba6 19. Nxc7 Bxe2 20. Rd2 Bxg4
21. fxe5 Nd5 22. Nxd5 exd5 23. Ne7+ Kh8 24. Nxd5 Ra6 25. Nb4 Ra1+ 26. Kb2 Rxh1
27. Bxh1 Nxe5 28. Be7 Nc4+ 29. Kc3 Nxd2 30. Bxf8 Bf3 31. Kxd2 Bxh1 32. c4 Kg8
33. Bd6 f5 34. c5 Kf7 35. c6 Ke6 36. Bf8 g5 37. Bh6 g4 38. Bf4 h5 39. Ke3 h4
40. Kd4 g3 41. hxg3 hxg3 42. Bxg3 Bg2 43. Bf4 Bf3 44. Kc5 Be4 45. Kb6 Bxc6
46. Kxc6 Kf7 47. Nd3 Ke6 48. Ne5 Kf6 49. Kd6 Kg7 50. Ke7 Kg8 51. Nd7 Kg7 52. Nf8
Kg8 53. Ne6 Kh7 54. Kf7 Kh8 55. Be5+ Kh7 56. Bg7 1-0

[Event "Pohár města Říčany 2018"]
[Site "Městské kulturní středisko U labutě"]
[Date "2019.08.31"]
[Round "9.31"]
[White "Otrubova, Kristyna"]
[Black "Hampel, Rudolf"]
[Result "1-0"]
[WhiteElo "1712"]
[BlackElo "1660"]
[PlyCount "0"]
[EventDate "2019.08.24"]

1. e4 c5 2. Nf3 e6 3. d3 Nc6 4. Nbd2 d5 5. g3 Be7 6. Bg2 Nf6 7. O-O O-O 8. e5
Ng4 9. Re1 Qc7 10. Qe2 f6 11. exf6 Bxf6 12. Nf1 h6 13. c3 Nge5 14. Nxe5 Bxe5
15. Ne3 Bd6 16. Bd2 Bd7 17. Rf1 Rae8 18. Bf3 Ne7 19. Bh5 Rd8 20. Ng2 Rf6
21. Rae1 e5 22. f4 Nc6 23. fxe5 Bxe5 24. Rxf6 Bxf6 25. Bf4 Qc8 26. Qf3 Bf5
27. Ne3 Qe6 28. Re2 Bxd3 29. Rd2 Be4 30. Qf2 b6 31. Re2 d4 32. Ng4 d3 33. Nxf6+
gxf6 34. Rd2 Qxa2 35. Bxh6 Qb1+ 36. Rd1 Qc2 37. Rd2 Qc1+ 38. Bd1 f5 39. Qf4 Rd7
40. Qg5+ Kh8 41. Qf6+ Kh7 42. Rxd3 Bxd3 43. Bxc1 1-0

[Event "Pohár města Říčany 2018"]
[Site "Městské kulturní středisko U labutě"]
[Date "2019.08.31"]
[Round "9.32"]
[White "Nentvich, Libor"]
[Black "Rerabek, Jaroslav"]
[Result "0-1"]
[WhiteElo "1822"]
[BlackElo "1733"]
[PlyCount "0"]
[EventDate "2019.08.24"]

1. e4 e5 2. Nf3 Nc6 3. d4 exd4 4. Nxd4 Nf6 5. Nxc6 bxc6 6. e5 Nd5 7. c4 Nb6
8. b3 Bb4+ 9. Bd2 Bxd2+ 10. Nxd2 O-O 11. Bd3 d6 12. O-O Nd7 13. f4 dxe5 14. fxe5
Nxe5 15. Be4 f5 16. Bc2 Qd4+ 17. Kh1 Ng4 18. Qe2 Qd6 19. Nf3 c5 20. Rad1 Qh6
21. Rd3 Bb7 22. h3 Rae8 23. Qd2 Qh5 24. Rd7 Bxf3 25. Rxf3 Ne5 26. Rf1 Nxd7
27. Qxd7 Qe2 28. Bd3 Qxa2 29. Rxf5 Qa1+ 30. Kh2 Qd4 31. Rxf8+ Kxf8 32. Qf5+ Qf6
33. Qxc5+ Qd6+ 34. Qxd6+ cxd6 35. Bxh7 a5 36. Kg1 Re3 37. Kf2 Rxb3 38. Be4 a4
39. Bd5 a3 40. c5 Rb2+ 41. Kf3 dxc5 0-1